Quizzes
Events
Quiz Creation
Community
Videos
Private Events
Remove Ads
Sign In
Join for FREE
Feedback
Dark Mode
Quiz Categories
Sports
Geography
Music
Movies
Television
Just For Fun
Miscellaneous
History
Literature
Language
Science
Gaming
Entertainment
Religion
Holiday
For Kids
Quiz Lab
Recent
Popular Today
Quiz Kudos Today
Editor Picks
Curator Picks
Quizzes by...
Day
Popularity
Type
Ratings
Length
Year
Community
Subscriptions
Recent Discussions
Orange Saloon
Badges
Playlists
Quests
Create
Leaderboards
Showdown
Live 5
Trivia Bingo
Activity
Puzzle Library
Sporcle Events
Private Events
Virtual Trivia
Globe League
Become a Host
Pub Owners
SporcleCon
Opinionation
Our Games
Videos
Blog
Mobile Apps
Partnerships
Remove Ads and Go Orange
Feedback
Miscellaneous
Crossword
General Knowledge
Baby Names
Logo
Food
Cars
Numbers
Grab Bag
University
College
Popular
Company
Slogans
Restaurants
Justice
Letter
Miscellaneous
Crossword
General Knowledge
Baby Names
Logo
Food
Cars
Numbers
Grab Bag
University
College
Popular
Company
Slogans
Restaurants
Justice
Letter
Random Quiz
Search Sporcle
×
Quiz Lab
Quiz Lab
Miscellaneous
brand
Type in answers that appear in a list
Type in answers that appear in a list
Classic
Best Score? Go Orange.
Name that brand 2! Stats
Can you Name that brand!
By
chrisknox52459
15m
20 Questions
22 Plays
22 Plays
22 Plays
Comments
Comments
Give Quiz Kudos
Give Quiz Kudos
-
- Ratings
hide this ad
Replay
Link that replays current quiz
Next Quiz
Link to next quiz in quiz playlist
You Got
0%
They Got
Avg Score
36%
Avg Friend Score
Upgrade to see
Score Distribution
Jump to the score distribution portion of the page
Score
0/20
Timer
15:00
0
Plays Today
Hint
Answer
% Correct
Just Do It.
Nike
95.5%
Michael who played for Chicago.
Jordan
63.6%
This brand/
company is known most for the game, Super Mario
Nintendo
59.1%
The brand with the 3 stripes
Adidas
50%
This brand helps you keep those girls closer, and want you more
AXE
50%
The brand with the national bird of the USA
American Eagle
45.5%
This brand has a pelican looking silhouette.
Hollister
36.4%
This brand is known for it's quote ' they're after me (answer)'
Lucky Charms
36.4%
This brand is often worn by Rob Dyrdek
DC Shoes
31.8%
This noodle brand has been filling the shelves of your pantry since we opened that open door policy.
Machuran
31.8%
Hint
Answer
% Correct
This brand is a wanna-
be Abercrombie & Fitch
Aeropostale
27.3%
This is a permanent mistake.
Sharpie
27.3%
This brand was made by Jay-
Z
Rocawear
22.7%
This brand shares it's name with a rapper, he ha an ice cream tattoo on his face.
Gucci
22.7%
This brand shares it's name with a song by Migos
Versace
22.7%
This cereal brand is advertised by John Cena
Fruity Pebbles
22.7%
Also an answer to question 16
Old Spice
22.7%
Not an answer to question 16, unless you're over the age of 45
BOD
22.7%
The game COD: black ops and black ops 2 were created by this.
Treyarch
18.2%
This brand is enjoyed in the US of A, especially if your Italian
Pizza Hut
18.2%
Quiz Playlist
Details
Report
Send in Message
Add To Playlist
Classic:
Type in answers that appear in a list
Last Updated: Feb 16, 2017
Quiz Scoreboard
CHALLENGE
Sign Up to Join the Scoreboard
Show All
Scores
Hide
Comments
May contain spoilers
Recently Published
An Introduction to Baseball
by treessimontrees
Sports
5m
Movies - When Are They Set?
by FPL_Elf
Movies
5m
Popular People in 1961
by mucciniale
History
6m
More to Explore
Quiz From the Vault
Featured Blog Post
Where Did the Easter Bunny Come From?
hide this ad
You Might Also Like...
Tags
brand
Today's Top Quizzes in Miscellaneous
Browse Miscellaneous
hide this ad
Today's Top Quizzes in brand
Browse brand
Top Contributed Quizzes in Miscellaneous
1
5-to-1: Fast Food
2
The JOE quick-fire general knowledge quiz: Day 173
3
The JOE quick-fire general knowledge quiz: Day 172
4
The JOE quick-fire general knowledge quiz: Day 174
5
One Thing in Common: United Kingdom II
6
Sunday Crossword: Famous Bodies of Water
7
The JOE quick-fire general knowledge quiz: Day 171
8
5-to-1: Cocktails
9
Named After an Animal - Odd One Out!
10
The JOE quick-fire quiz: Day 170
Explore More
Trending Topics
Marvel
Kpop
Crossword
Anime
NBA
Harry Potter
Disney
The Office
NFL
Pokémon
Song
WWE
Soccer
Country
Puzzle
hide this ad
More By:
chrisknox52459
Quiz
Plays
Rating
Category
Featured
Created
Chris's IQ Test
459
1.55
Miscellaneous
Oct 29, 2014
(Easy word ladder)
263
1.64
Literature
Oct 31, 2014
Character Movie Actor II: Actor Movie Character
89
3.50
Movies
May 9, 2017
Pass the time with this quiz
45
1.33
Just For Fun
Oct 31, 2014
Character, Movie, Actor
34
3.00
Movies
May 1, 2017
Go to Creator's Profile
Score Distribution
Quiz Creator Spotlight
chrisknox52459
Follow
Send a Message
Quizzes Created
-
Created Quiz Play Count
-
More By This Creator
Popular Quizzes Today
1
Find the Countries of Europe - No Outlines Minefield
2
Find the US States - No Outlines Minefield
3
The Countries of the World
4
Popular People in 1961
5
US States
6
Find the US States
7
1-10 Letter E Words III
8
Risky Map Clicking: Biggest States A-Z
More Miscellaneous Quizzes
Complete the Slogan
Published
Trending Quizzes
Risky Map Clicking: Least Populous States A-Z
1-10 Letter F Words
1-10 Letter G Words
Not Quite an Element Typing Challenge
One Thing in Common: United Kingdom
Recently Updated
Leaping Animals
pecheneg
Reality TV Shows (A-Z)
bhenderson79
Rickey Henderson's Hall of Fame Teammates
pecheneg
Champions League XIs: Arsenal
pecheneg
Quick Pick: Celebrities in WWE's Hall of Fame
aduchscher
A-Z Keypad Blitz II
pecheneg
Multiple Oscar Actors
pecheneg
Mystery Phrase Blitz: Oscar 'Best Actors'
pecheneg
F. Scott Fitzgerald Novels
LTH
Pick 3 Villains
ddd62291
Trending Topics
Crossword
Harry Potter
Kpop
Disney
Marvel
NBA
Anime
The Office
NFL
Pokémon
Country
Puzzle
Soccer
Song
WWE
Your Account Isn't Verified!
In order to create a playlist on Sporcle, you need to verify the email address you used during registration. Go to your
Sporcle Settings
to finish the process.
Report this User
Report this user for behavior that violates our
Community Guidelines
.
Details:
Send Report
Go to the Sporcle.com Mobile Site →
Comments